Una voz dibuja sinos en la niebla / (Registro nro. 6550)
[ vista simple ]
| 000 -LEADER | |
|---|---|
| fixed length control field | 00839nam a22002177a 4500 |
| 003 - CONTROL NUMBER IDENTIFIER | |
| control field | OSt |
| 005 - DATE AND TIME OF LATEST TRANSACTION | |
| control field | 20250627124644.0 |
| 008 - FIXED-LENGTH DATA ELEMENTS--GENERAL INFORMATION | |
| fixed length control field | 200219s2016 ck a|||gr|||| 00| pdspa d |
| 040 ## - CATALOGING SOURCE | |
| Original cataloging agency | CO-JMCR |
| Transcribing agency | CO-JMCR |
| 041 ## - LANGUAGE CODE | |
| Language code of text/sound track or separate title | spa |
| 082 04 - DEWEY DECIMAL CLASSIFICATION NUMBER | |
| Classification number | A-P |
| Item number | GOMu |
| 100 1# - MAIN ENTRY--PERSONAL NAME | |
| Personal name | Gómez Garzón, Julián Antonio, |
| Relator term | autor |
| 9 (RLIN) | 713 |
| 245 1# - TITLE STATEMENT | |
| Title | Una voz dibuja sinos en la niebla / |
| Statement of responsibility, etc. | Julián Antonio Gómez Garzón |
| 260 ## - PUBLICATION, DISTRIBUTION, ETC. | |
| Place of publication, distribution, etc. | Bogotá : |
| Name of publisher, distributor, etc. | Legis, |
| Date of publication, distribution, etc. | 2016 |
| 300 ## - PHYSICAL DESCRIPTION | |
| Extent | 59 páginas : |
| Other physical details | ilustraciones a blanco y negro ; |
| Dimensions | 19 cm. |
| 500 ## - GENERAL NOTE | |
| General note | Datos biográficos del autor en tapa posterior. |
| 505 ## - FORMATTED CONTENTS NOTE | |
| Formatted contents note | Mujeres imposibles -- El oficio de la soledad -- Habitar en el cosmos -- Abrazar el asombro -- La niebla interior -- Grito en la sombra -- Enfermedad de palabras |
| 650 14 - SUBJECT ADDED ENTRY--TOPICAL TERM | |
| Topical term or geographic name entry element | Poesía |
| General subdivision | Mujeres |
| 9 (RLIN) | 714 |
| 650 14 - SUBJECT ADDED ENTRY--TOPICAL TERM | |
| Topical term or geographic name entry element | Poesía |
| General subdivision | soledad |
| 9 (RLIN) | 715 |
| 942 ## - ADDED ENTRY ELEMENTS (KOHA) | |
| Source of classification or shelving scheme | Dewey Decimal Classification |
| Koha item type | Books |
| Withdrawn status | Lost status | Source of classification or shelving scheme | Damaged status | Not for loan | Home library | Current library | Shelving location | Date acquired | Source of acquisition | Cost, normal purchase price | Total Checkouts | Full call number | Barcode | Date last seen | Date last checked out | Copy number | Price effective from | Koha item type |
|---|---|---|---|---|---|---|---|---|---|---|---|---|---|---|---|---|---|---|
| Dewey Decimal Classification | Biblioteca Pública José María del Castillo y Rada | Biblioteca Pública José María del Castillo y Rada | Processing Center | 12/19/2019 | Donación | 0.00 | 1 | A-P GOMu | 201809763 | 07/25/2025 | 07/24/2025 | Ej.1 | 02/19/2020 | Books |